LIBRARY & INFORMATION CENTRE, KCAET, TAVANUR

ONLINE PUBLIC ACCESS CATALOGUE (OPAC)

Hydraulics and fluid mechanics / (Record no. 201)

MARC details
000 -LEADER
fixed length control field 00556cam a2200229ua 4500
041 ## - LANGUAGE CODE
Language code of text/sound track or separate title eng
082 ## - DEWEY DECIMAL CLASSIFICATION NUMBER
Classification number 532
Item number MOD/HY
100 ## - MAIN ENTRY--AUTHOR NAME
Personal name Modi, P N.
245 ## - TITLE STATEMENT
Title Hydraulics and fluid mechanics /
250 ## - EDITION STATEMENT
Edition statement 10 /
260 ## - PUBLICATION, DISTRIBUTION, ETC. (IMPRINT)
Place of publication Thrissur :
Name of publisher Standard Book House ,
Year of publication 1991.
300 ## - PHYSICAL DESCRIPTION
Number of Pages 1350 ; .
650 ## - SUBJECT ADDED ENTRY--TOPICAL TERM
Topical Term Fluid mechanics
700 1# - ADDED ENTRY--PERSONAL NAME
Personal name Seth, S M.
942 ## - ADDED ENTRY ELEMENTS (KOHA)
Koha item type Books
Holdings
Withdrawn status Lost status Damaged status Home library Current library Date acquired Full call number Accession Number Koha item type
Withdrawn   Damaged KAUAET KAUAET 07/04/2012 532 19052 Books
Withdrawn Lost and Paid For   KAUAET KAUAET 28/10/1988 532 16427 Books
      KAUAET KAUAET 07/04/2012 532 18534 Books
free website counter